[Event "POL-chT 2nd League"]
[Site "Lazy"]
[Date "2012.09.02"]
[Round "2"]
[White "Staroszczyk, Mateusz"]
[Black "Kukula, Pawel"]
[Result "1-0"]
[WhiteElo "2024"]
[BlackElo "2256"]
[PlyCount "143"]
[EventDate "2012.09.01"]
[EventType "team-swiss"]
[EventRounds "9"]
[EventCountry "POL"]
[SourceTitle "EXT 2019"]
[Source "ChessBase"]
[SourceDate "2018.10.10"]
[SourceVersion "1"]
[SourceVersionDate "2018.10.10"]
[SourceQuality "1"]
[WhiteTeam "Zielonka Zieloni"]
[BlackTeam "Grudziadz Rotmistrz"]
[WhiteTeamCountry "POL"]
[BlackTeamCountry "POL"]

1. e4 c5 2. Nc3 Nc6 3. g3 g6 4. Bg2 Bg7 5. d3 e6 6. Be3 d6 7. Qd2 Rb8 8. Nh3 b5 9. 0-0 b4 10. Nd1 Ne5 11. f3 h5 12. Kh1 Ne7 13. Ndf2 Qc7 14. c3 Qa5 15. Rfd1 bxc3 16. Qxc3 Qxc3 17. bxc3 Ba6 18. Rab1 Rxb1 19. Rxb1 0-0 20. c4 N5c6 21. f4 Nd4 22. Ng5 Nc2 23. Bd2 Bd4 24. Kg1 Nc6 25. Nf3 Bg7 26. Ne1 N2d4 27. Kf1 e5 28. Nf3 f5 29. Nxd4 Nxd4 30. exf5 gxf5 31. Bd5+ Kh7 32. fxe5 dxe5 33. Nh3 Kg6 34. Ng5 Rd8 35. Kg2 Rd6 36. h4 Rb6 37. Rxb6+ axb6 38. a4 Nb3 39. Be3 Bc8 40. Bf7+ Kf6 41. Bxh5 Bd7 42. Bd1 Nd4 43. Kf2 Bc6 44. Nh3 Bd7 45. Bg5+ Kg6 46. Bd8 f4 47. h5+ Kf7 48. Ng5+ Ke8 49. Bxb6 fxg3+ 50. Kxg3 Bh6 51. Ne4 Bf4+ 52. Kf2 Kf7 53. Bxc5 Nc6 54. Be3 Kg7 55. Bxf4 exf4 56. Nc5 Bf5 57. Kf3 Ne5+ 58. Kxf4 Kf6 59. Ne4+ Ke6 60. d4 Nd3+ 61. Ke3 Bxe4 62. Bg4+ Kf6 63. Kxe4 Nb2 64. c5 Nxa4 65. c6 Nc3+ 66. Kd3 Nd5 67. Bf3 Ne7 68. Kc4 Ke6 69. Kc5 Kf5 70. d5 Kf6 71. d6 Nf5 72. c7 1-0

[Event "Warsaw Najdorf Memorial op-A"]
[Site "Warsaw"]
[Date "2012.08.12"]
[Round "7"]
[White "Staroszczyk, Mateusz"]
[Black "Guerrero Rodriguez, Alejandra"]
[Result "1-0"]
[WhiteElo "2052"]
[BlackElo "2072"]
[PlyCount "101"]
[EventDate "2012.08.06"]
[EventType "swiss"]
[EventRounds "9"]
[EventCountry "POL"]
[SourceTitle "CBM 149 Extra"]
[Source "ChessBase"]
[SourceDate "2012.08.24"]
[SourceVersion "1"]
[SourceVersionDate "2012.08.24"]
[SourceQuality "1"]

1. c4 c5 2. g3 g6 3. Bg2 Bg7 4. Nc3 Nc6 5. Nf3 e6 6. 0-0 Nge7 7. d3 0-0 8. Be3 b6 9. Qd2 Nf5 10. Bf4 Bb7 11. g4 Nfd4 12. Nxd4 cxd4 13. Ne4 Ne5 14. Nf6+ Bxf6 15. Bxb7 Rb8 16. Bg2 Nxg4 17. h3 Ne5 18. e3 dxe3 19. fxe3 Rc8 20. Rad1 d5 21. cxd5 exd5 22. b3 d4 23. exd4 Qxd4+ 24. Be3 Qh4 25. Rf4 Qg5 26. h4 Qh5 27. Rxf6 Ng4 28. Rf3 Qxh4 29. Rh3 Qf6 30. Rf1 Qe6 31. d4 Rfe8 32. d5 Qd6 33. Bd4 f5 34. Bf3 Re7 35. Re1 Rce8 36. Rxe7 Rxe7 37. Bxg4 fxg4 38. Re3 Qf4 39. Qf2 Qxf2+ 40. Kxf2 Rd7 41. Re5 h5 42. Kg3 Kf7 43. Kf4 Rd6 44. Rg5 Ke7 45. Bb2 Kf7 46. Ke5 Rf6 47. d6 Re6+ 48. Kd5 Re2 49. Bd4 Rxa2 50. Re5 Rd2 51. d7 1-0

[Event "Warsaw Najdorf Memorial op-A"]
[Site "Warsaw"]
[Date "2012.08.07"]
[Round "2"]
[White "Solnicki, Michal"]
[Black "Staroszczyk, Mateusz"]
[Result "1-0"]
[WhiteElo "2141"]
[BlackElo "2052"]
[PlyCount "73"]
[EventDate "2012.08.06"]
[EventType "swiss"]
[EventRounds "9"]
[EventCountry "POL"]
[SourceTitle "CBM 149 Extra"]
[Source "ChessBase"]
[SourceDate "2012.08.24"]
[SourceVersion "1"]
[SourceVersionDate "2012.08.24"]
[SourceQuality "1"]

1. d4 f5 2. g3 Nf6 3. Bg2 e6 4. Nf3 Be7 5. c4 0-0 6. 0-0 d5 7. b3 c6 8. Ba3 Bd7 9. Qc1 Be8 10. Qe3 Bxa3 11. Nxa3 Qe7 12. Nc2 Bh5 13. Nce1 Nbd7 14. Nd3 Rae8 15. Nfe5 Ng4 16. Nxg4 Bxg4 17. f4 Nf6 18. c5 Qf7 19. b4 Qh5 20. Bf3 Nd7 21. b5 Rf6 22. Rab1 Rh6 23. Rf2 Nf6 24. Ne5 Rc8 25. Nxc6 Ne4 26. Ne7+ Kf8 27. Bxe4 Kxe7 28. Bxd5 b6 29. Bb7 Rc7 30. Bc6 Kf8 31. Qa3 Re7 32. Qe3 bxc5 33. dxc5 e5 34. fxe5 Rhe6 35. b6 Rxe5 36. Qxe5 Rxe5 37. b7 1-0

[Event "POL-chT 2nd League"]
[Site "Mrzezyno"]
[Date "2011.09.04"]
[Round "2"]
[White "Staroszczyk, Mateusz"]
[Black "Nurkiewicz, Maciej"]
[Result "0-1"]
[WhiteElo "2053"]
[BlackElo "2399"]
[PlyCount "74"]
[EventDate "2011.09.03"]
[EventType "team-swiss"]
[EventRounds "9"]
[EventCountry "POL"]
[SourceTitle "EXT 2015"]
[Source "ChessBase"]
[SourceDate "2014.11.20"]
[SourceVersion "1"]
[SourceVersionDate "2014.11.20"]
[SourceQuality "1"]
[WhiteTeam "Zielonka Zieloni"]
[BlackTeam "Miedzyborow Wrzos"]
[WhiteTeamCountry "POL"]
[BlackTeamCountry "POL"]

1. c4 Nf6 2. Nc3 g6 3. g3 Bg7 4. Bg2 0-0 5. Nf3 d6 6. 0-0 e5 7. d4 Nbd7 8. b3 Re8 9. Re1 c6 10. e4 exd4 11. Nxd4 Nc5 12. Bb2 Ng4 13. b4 Qf6 14. Nf3 Nxe4 15. Nxe4 Qxb2 16. Rb1 Qxa2 17. Nxd6 Qxf2+ 18. Kh1 Rxe1+ 19. Qxe1 Be6 20. Qxf2 Nxf2+ 21. Kg1 Nd3 22. Bf1 Ne5 23. Nxe5 Bxe5 24. Nxb7 Bc7 25. Na5 c5 26. Nc6 cxb4 27. Rxb4 Bd6 28. Rb7 a5 29. Bg2 Bc5+ 30. Kh1 a4 31. Nb4 Rd8 32. Bd5 a3 33. Rb5 Bxb4 34. Rxb4 Bxd5+ 35. cxd5 Ra8 36. Rb1 a2 37. Ra1 Kf8 0-1

[Event "Warsaw Najdorf Memorial op-A"]
[Site "Warsaw"]
[Date "2011.07.17"]
[Round "4"]
[White "Staroszczyk, Mateusz"]
[Black "Szewczak, Andrzej"]
[Result "1-0"]
[WhiteElo "2059"]
[BlackElo "2005"]
[PlyCount "125"]
[EventDate "2011.07.13"]
[EventType "swiss"]
[EventRounds "9"]
[EventCountry "POL"]
[SourceTitle "CBM 143 Extra"]
[Source "ChessBase"]
[SourceDate "2011.08.29"]
[SourceVersion "1"]
[SourceVersionDate "2011.08.29"]
[SourceQuality "1"]

1. c4 Nf6 2. Nc3 g6 3. d4 Bg7 4. e4 d6 5. f3 0-0 6. Be3 e5 7. Nge2 Nc6 8. Qd2 h6 9. d5 Nb8 10. Bxh6 Nxe4 11. fxe4 Qh4+ 12. g3 Qxh6 13. 0-0-0 Qxd2+ 14. Kxd2 a6 15. Kc2 f5 16. Bh3 Nd7 17. Rhf1 Nc5 18. b4 Nxe4 19. Nxe4 fxe4 20. Rxf8+ Bxf8 21. Bxc8 Rxc8 22. Nc3 e3 23. Kd3 Bh6 24. Rf1 Kg7 25. c5 Rf8 26. Rxf8 Kxf8 27. c6 bxc6 28. dxc6 Ke7 29. Nd5+ Kd8 30. a4 e4+ 31. Ke2 Kc8 32. h4 Kb8 33. g4 Ka7 34. g5 Bg7 35. Kxe3 Be5 36. Nf4 Bc3 37. b5 axb5 38. axb5 Be1 39. Nxg6 d5 40. h5 Kb6 41. h6 Bc3 42. h7 Kxb5 43. h8Q Bxh8 44. Nxh8 Kc4 45. g6 d4+ 46. Kxe4 d3 47. g7 d2 48. g8Q+ Kc3 49. Qg3+ Kc2 50. Qd3+ Kc1 51. Qxd2+ Kxd2 52. Kd5 Kc3 53. Ke6 Kb4 54. Kd7 Ka5 55. Kxc7 Ka6 56. Kd8 Ka7 57. c7 Kb7 58. c8Q+ Ka7 59. Qc4 Kb6 60. Kd7 Ka5 61. Qb3 Ka6 62. Kc6 Ka7 63. Qb7# 1-0

[Event "POL-chT 2st League"]
[Site "Mrzezyno"]
[Date "2010.09.09"]
[Round "6.43"]
[White "Staroszczyk, Mateusz"]
[Black "Borkowski, Franciszek"]
[Result "1/2-1/2"]
[WhiteElo "2064"]
[BlackElo "2314"]
[PlyCount "53"]
[EventDate "2010.09.04"]
[EventType "team-swiss"]
[EventRounds "9"]
[EventCountry "POL"]
[SourceTitle "EXT 2019"]
[Source "ChessBase"]
[SourceDate "2018.10.10"]
[SourceVersion "1"]
[SourceVersionDate "2018.10.10"]
[SourceQuality "1"]
[WhiteTeam "Zielonka Zieloni"]
[BlackTeam "Wroclaw Hetman"]
[WhiteTeamCountry "POL"]
[BlackTeamCountry "POL"]

1. d4 Nf6 2. c4 c5 3. Nf3 g6 4. e3 Bg7 5. Bd3 0-0 6. 0-0 cxd4 7. exd4 d5 8. Nc3 dxc4 9. Bxc4 Nbd7 10. Qe2 Nb6 11. Bb3 Bg4 12. h3 Bxf3 13. Qxf3 Qd7 14. Re1 e6 15. Bf4 Nfd5 16. Be5 Nxc3 17. bxc3 Rac8 18. Rab1 Bxe5 19. Rxe5 Qc6 20. d5 exd5 21. Bxd5 Nxd5 22. Qxd5 Qxd5 23. Rxd5 Rc7 24. a4 b6 25. a5 Rxc3 26. axb6 axb6 27. Rxb6 1/2-1/2

[Event "POL-chT 2st League"]
[Site "Mrzezyno"]
[Date "2010.09.08"]
[Round "5.67"]
[White "Staroszczyk, Mateusz"]
[Black "Czaja, Jacek"]
[Result "1/2-1/2"]
[WhiteElo "2064"]
[BlackElo "1861"]
[PlyCount "61"]
[EventDate "2010.09.04"]
[EventType "team-swiss"]
[EventRounds "9"]
[EventCountry "POL"]
[SourceTitle "EXT 2019"]
[Source "ChessBase"]
[SourceDate "2018.10.10"]
[SourceVersion "1"]
[SourceVersionDate "2018.10.10"]
[SourceQuality "1"]
[WhiteTeam "Zielonka Zieloni"]
[BlackTeam "Czarna LKSz GCKiP"]
[WhiteTeamCountry "POL"]
[BlackTeamCountry "POL"]

1. e4 c5 2. Nc3 a6 3. g3 b5 4. Bg2 Bb7 5. d3 e6 6. Nf3 Nf6 7. 0-0 b4 8. Ne2 d5 9. exd5 Nxd5 10. d4 Nd7 11. Nf4 Nxf4 12. Bxf4 Be7 13. dxc5 0-0 14. a3 bxa3 15. b4 a5 16. Rxa3 axb4 17. Rd3 Bd5 18. c6 Nc5 19. c7 Qc8 20. Rxd5 exd5 21. Qxd5 Ne6 22. Ne5 Nxf4 23. gxf4 Qxc7 24. Nxf7 Bf6 25. Ng5+ Kh8 26. Ne6 Qxc2 27. Nxf8 Rxf8 28. Qd6 Rd8 29. Qxb4 Qd2 30. Qxd2 Rxd2 31. Bf3 1/2-1/2